000 01125nam0a2200313 4500
001 RU\NLR\BIBL_A\022570787
005 20250701075952.0
010 _a978-5-298-04719-7
_9500
021 _aRU
_bКН-П-25-017060
_9КН-П-25-1728
035 _a(NLR Aleph) 022570787
090 _a13447208
_c13447208
100 _a20250620d2024 m y0rusy50 ca
101 0 _atat
102 _aRU
105 _ay z 000 y
181 0 _ai
_baxxe
182 0 _an
200 1 _aБу - минем җиһаным
_eшигырьләр
_fГөлназ Нуриева
203 _aТекст
_bвизуальный
_cнепосредственный
210 _aКазан
_cТатар. кит. нәшр.
_d2024
215 _a78,[1] б.
_d14
225 1 _aБеренче китабым
_dМоя первая книга
541 1 _6z01790
_aЭто - мой мир
_e[стихи].
_zrus
686 1 _aШ6(2=Тат)7-5
700 1 _aНуриева
_bГ. Р. кызы
_f1991-
_gГөлназ Рафис кызы
_4070
790 1 _6z01541
_aНуриева
_bГ. Р.
_gГульназ Рафисовна
_4070
942 _cBOOK
980 _aNB